Pozostalosť Karola Plicku

Podrobná bibliografia
Hlavný autor: Sýkorová, Ľuba (Autor)
Médium: Článok
Jazyk:slovenčina
Fyzický popis:Obr. 14, res. angl., lit. 5 zázn. v slov.
ISBN:8885753324
Predmet:

MARC

LEADER 00000nab a2200000 a 4500
001 vtls000563806
003 SK-MaSNL
005 20260303013041.0
008 140305c1994 xo 0 slo
015 |a SNBRA19rr/mm-uuuuu 
035 |a CL0563944 
040 |a SNKBUCL  |b slo  |c SNKBUCL  |e AACR2 
041 0 |a slo 
044 |a xo  |c SK 
080 |a 39-051  |2 1981 
080 |a 77.04-051  |2 1981 
080 |a 791.44.071.1  |2 1981 
080 |a 929 Plicka, Karel  |2 1981 
100 1 |a Sýkorová, Ľuba  |4 aut  |9 458055 
245 1 0 |a Pozostalosť Karola Plicku  |c Ľuba Sýkorová 
300 |b Obr. 14, res. angl., lit. 5 zázn. v slov. 
600 1 7 |a Plicka, Karel,  |d 1894-1987  |2 snkbucl  |9 89292 
655 7 |a články zo zborníkov  |2 snkbucl  |9 166140 
773 0 |t Zborník Slovenského národného múzea. Etnografia 35  |d Bratislava : Slovenské národné múzeum, 1994  |g S. 14-31  |z 8885753324 
850 |a Slovenská národná knižnica v Martine  |a MTA001 
852 |a SNK  |b KIS3GCP 
992 |a RZB 
999 |c 1600445  |d 1602375